000 00753nam a2200205Ia 4500
001 2948
003 GE_BSU
008 181216s||||||||xx |||||||||||||| ||und||
040 _cGE_BSU
080 _a697.32.057(035.3)
100 _aБерезнев,В.А. Бондаренко,В.В. Грузинов, Е.В. и др.
245 _aМонтаж отопительно-производственных котельных установок.
245 _cПод.ред.Е.В.Грузинова.
260 _aМ.
260 _bСтройиздат.
260 _c1980.
300 _a520 стр. 21см. с илл.
653 _aМонтаж отопительно-производственных котельных установок.
942 _cBK
999 _c36996
_d36996